| 000 | 00694aas a2200217 4500 | ||
|---|---|---|---|
| 999 |
_c3639 _d3639 |
||
| 003 | BR-BrBNA | ||
| 005 | 20230317233852.0 | ||
| 007 | ta | ||
| 008 | 230119b bl ||||| |||| 00| 0 por d | ||
| 035 | _a000485-5 | ||
| 040 |
_aBR-BrBNA _bPor _cBR-BrBNA |
||
| 042 | _aN | ||
| 044 | _abl | ||
| 245 | _aSérie Culturas - Empresa de Assistência Técnica e Extensão Rural do Estado do Pará (Brazil) | ||
| 260 |
_aBelém-PA _bEmpresa de Assistência Técnica e Extensão Rural do Estado do Pará _c1979. Data final de publicação em 1983 _eBPA |
||
| 270 | _aAlmirante Barroso, 717 - Cep: 66.000 | ||
| 310 | _aanual | ||
| 505 | _a1979 (2); 1982-83 (3-4); | ||
| 909 |
_a56 _bSergio Santos _c56 _dSergio Santos |
||
| 942 |
_cCR _2AGRIS |
||